| 000 | 01456nam0a22002651 4500 | ||
|---|---|---|---|
| 001 | rc\3187698 | ||
| 005 | 20250530092700.0 | ||
| 035 | _a(NLR Aleph) 007337891 | ||
| 090 |
_a6077998 _c6077998 |
||
| 100 | _a20120628d1975 |||y0rusy50 ca | ||
| 101 | 0 | _arus | |
| 102 | _aRU | ||
| 105 | _aa z ||||| | ||
| 200 | 1 |
_aТезисы докладов _fГос. ком. по науке и технике при Совете Министров СССР. АН СССР. М-во электротехн. пром-сти СССР. М-во приборостроения, средств автоматизации и систем упр. СССР. М-во высш. и сред. спец. образ. РСФСР. Казан. авиац. ин-т им. А.Н. Туполева. VIII Всесоюз. конф. по электрохим. преобразователям информации (10-12 июня 1975 г.) |
|
| 210 |
_aКазань _cБ. и. _d1975 |
||
| 215 |
_a215 с. _cил. _d21 |
||
| 300 | _aНа обл.: Хемотрон-75. Тезисы докладов | ||
| 333 | _aДСП. Экз. № 5 | ||
| 512 | 0 | _aХемотрон-75. Тезисы докладов | |
| 710 | 1 | 2 | _aВсесоюзная конференция по электрохимическим преобразователям информации (8; 1975; Казань) |
| 801 | 0 |
_aRU _bNLR _gpsbo |
|
| 801 | 1 |
_aRU _bELAR _2rusmarc |
|
| 852 |
_aNLR _j75-50К/3990 |
||
| 942 | _cBOOK | ||
| 980 | _aNB | ||